000 00454pab a2200181 454500
008 180718b2011 xxu||||| |||| 00| 0 eng d
100 _aMaxwell, Neville
245 _aChina's India war - How the Chinese saw the conflict
260 _c2011
300 _ap.29-32.
362 _a2 Jul
650 _aWar
650 _aIndia - Foreign relations - China
650 _aInternational relations
773 _aMainstream
908 _aN
909 _a92013
999 _c92013
_d92013